Southville International School and Colleges
Your cart is empty.
  • Cart
  • Lists
    Public lists Eva Luna New books Lux_list list_1
    Your lists Log in to create your own lists
  • Log in to your account
  • Your cookies
  • Search history
Southville International School and Colleges
  • Advanced search
  • Recent comments
  • Most popular
  • Libraries

Log in to your account

Log in with GOOGLE


If you do not have an external account, but do have a local account, you can still log in:

  1. Home
  2. MARC view: I am papa snap and these are my favorite no such stories /
Normal view MARC view ISBD view

I am papa snap and these are my favorite no such stories / (Record no. 11953)

[ view plain ]
MARC details
000 -LEADER
fixed length control field 00615nam a22002057a 4500
003 - CONTROL NUMBER IDENTIFIER
control field OSt
005 - DATE AND TIME OF LATEST TRANSACTION
control field 20140310182329.0
008 - FIXED-LENGTH DATA ELEMENTS--GENERAL INFORMATION
fixed length control field 130921t xxu||||| |||| 00| 0 eng d
020 ## - INTERNATIONAL STANDARD BOOK NUMBER
International Standard Book Number 0385306539
050 ## - LIBRARY OF CONGRESS CALL NUMBER
Classification number PZ 7
Item number .Un43Ib 1971
082 ## - DEWEY DECIMAL CLASSIFICATION NUMBER
Classification number GS 823
Item number .Un3i 1971
100 ## - MAIN ENTRY--PERSONAL NAME
Personal name Ungerer, Tomi
9 (RLIN) 21358
245 ## - TITLE STATEMENT
Title I am papa snap and these are my favorite no such stories /
Statement of responsibility, etc Tomi Ungerer
260 ## - PUBLICATION, DISTRIBUTION, ETC. (IMPRINT)
Place of publication, distribution, etc New York :
Name of publisher, distributor, etc Bantam Doubleday Dell Publishing Group, Inc,
Date of publication, distribution, etc 1992.
300 ## - PHYSICAL DESCRIPTION
Extent 32 p. :
Other physical details col, ill. ;
Dimensions 31 cm.
541 ## - IMMEDIATE SOURCE OF ACQUISITION NOTE
-- 1
562 ## - COPY AND VERSION IDENTIFICATION NOTE
Number of copies 1
650 ## - SUBJECT ADDED ENTRY--TOPICAL TERM
Topical term or geographic name as entry element Humorous stories
9 (RLIN) 3831
942 ## - ADDED ENTRY ELEMENTS (KOHA)
Source of classification or shelving scheme Library of Congress Classification
Koha item type
Holdings
Withdrawn status Lost status Source of classification or shelving scheme Damaged status Home library Current library Shelving location Date acquired Total Checkouts Full call number Barcode Date last seen Date checked out Copy number Price effective from Koha item type
    Library of Congress Classification   Luxembourg Library Luxembourg Library Grade School Section 09/21/2013 2 PZ 7 .Un43Ib 1971 5557 01/27/2026 12/05/2025 1 09/21/2013 Books

I am papa snap and these are my favorite no such stories /

APA

Ungerer T., . (1992). I am papa snap and these are my favorite no such stories. New York: Bantam Doubleday Dell Publishing Group, Inc.

Chicago

Ungerer Tomi, . 1992. I am papa snap and these are my favorite no such stories. New York: Bantam Doubleday Dell Publishing Group, Inc.

Harvard

Ungerer T., . (1992). I am papa snap and these are my favorite no such stories. New York: Bantam Doubleday Dell Publishing Group, Inc.

MLA

Ungerer Tomi, . I am papa snap and these are my favorite no such stories. New York: Bantam Doubleday Dell Publishing Group, Inc. 1992.

  • Place hold
  • Print
  • Cite
  • Add to your cart (remove)
  • Save record
    BIBTEX Dublin Core MARCXML MARC (non-Unicode/MARC-8) MARC (Unicode/UTF-8) MARC (Unicode/UTF-8, Standard) MODS (XML) RIS
  • More searches
    Search for this title in:
    Other Libraries (WorldCat) Other Databases (Google Scholar) Online Stores (Bookfinder.com) Open Library (openlibrary.org)

Exporting to Dublin Core...

SOUTHVILLE LIBRARY

Southville International School and Colleges Library

1281 Tropical Ave. Cor. Luxembourg St., BF Homes International, Las Pinas City

Tel. No. 8256374 / 252358 Loc. 117/146

Powered by Koha